|
|
|
|
| LEADER |
00000nab a2200000 a 4500 |
| 001 |
vtls008900578 |
| 003 |
SK-MaSNL |
| 005 |
20260305025727.0 |
| 008 |
061214c2006 xo drz 0 0slo |
| 038 |
|
|
|a KEVKJB
|
| 040 |
|
|
|a KEVKJB
|b slo
|c KEVKJB
|e AACR2
|
| 041 |
0 |
|
|a slo
|
| 044 |
|
|
|a xo
|c SK
|
| 080 |
|
|
|a 27-584.7
|2 2001
|
| 245 |
0 |
0 |
|a Na hodinách "Šitia" v Brehove
|c [autor] (gt)
|
| 300 |
|
|
|b Fotogr.
|
| 610 |
2 |
7 |
|a Kláštor Minoritov (Brehov, Slovensko)
|2 kevkjb
|9 1303415
|
| 650 |
0 |
7 |
|a duchovné cvičenia
|x ružencové bratstvá
|2 kevkjb
|9 1606204
|
| 651 |
|
7 |
|a Trebišov (Slovensko : okres)
|2 kevkjb
|9 56230
|
| 773 |
0 |
|
|t Svätý ruženec
|g Roč. 10(60), č. 12 (2006), s. 8
|
| 852 |
|
|
|a KEVKJB
|b KIS3GCP
|
| 958 |
|
|
|a NT
|
| 999 |
|
|
|c 3307213
|d 3309143
|